| 000 | 00397nam a2200133Ia 4500 | ||
|---|---|---|---|
| 008 | 200619s9999 xx 000 0 und d | ||
| 020 | _a9800000000000 | ||
| 100 | _aGopal Sarvepalli | ||
| 245 | 0 | _aAnatomy of a confrontation: The Rise of Communal Politics in India | |
| 264 |
_bPalgrave Macmillan _c1993 |
||
| 300 | _a244 | ||
| 942 | _cIR | ||
| 999 |
_c120351 _d120351 |
||